Manual de programación para obras públicas y construcción (Record no. 31364)

MARC details
000 -LEADER
campo de control de longitud fija 00587nam a2200157 i 4500
001 - NÚMERO DE CONTROL
campo de control 31364
003 - IDENTIFICADOR DE NÚMERO DE CONTROL
campo de control ES-MaACL
007 - CAMPO FIJO DE DESCRIPCIÓN FÍSICA--INFORMACIÓN GENERAL
campo de control de longitud fija t|
008 - DATOS DE LONGITUD FIJA--INFORMACIÓN GENERAL
campo de control de longitud fija 030129s1983 sp ||||1| spa d
100 1# - ENTRADA PRINCIPAL--NOMBRE DE PERSONA
Nombre de persona Bendicho Joven, José Pascual.
9 (RLIN) 27480
245 10 - MENCIÓN DEL TÍTULO
Título Manual de programación para obras públicas y construcción
Resto del título : camino crítico PERT-C.P.M. /
Mención de responsabilidad, etc. José Pascual Bendicho Joven.
260 ## - PUBLICACIÓN, DISTRIBUCIÓN, ETC.
Lugar de publicación, distribución, etc. Madrid :
Nombre del editor, distribuidor, etc. Rueda,
Fecha de publicación, distribución, etc. 1983.
300 ## - DESCRIPCIÓN FÍSICA
Extensión 2 v. ;
Dimensiones 25 cm.
505 8# - NOTA DE CONTENIDO CON FORMATO
Nota de contenido con formato Contiene: Primera parte: Planificación y costos. -- Segunda parte: Programación y control
852 ## - LOCALIZACIÓN
Ubicación ES-MaACL
Número de control de estantería L-8506-7
Sublocalización o colección R.108537
Holdings
Estatus retirado Estado de pérdida Estado de daño No para préstamo Biblioteca de origen Biblioteca actual Ubicación en estantería Fecha de adquisición Fuente de adquisición Total de préstamos Signatura topográfica completa Código de barras Visto por última vez Precio de reemplazo Tipo de ítem Koha
        Biblioteca del Ateneo de Madrid Biblioteca del Ateneo de Madrid Depósito 2 17/01/2008     L-8506-7 1032412 23/02/2023 23/02/2023 Libro impreso